El libro del periodista: guía práctica para la redacción

Salvato in:
Dettagli Bibliografici
Autore principale: Gómez Forero, Mauricio (Autore)
Natura: Libro
Lingua:spagnolo
Pubblicazione: Bogotá Educar Cultural Recreativa 1994
Serie:Colección Comuníquese Bien
Soggetti:
Accesso online:Disponible Online
Tags: Aggiungi Tag
Nessun Tag, puoi essere il primo ad aggiungerne!!

MARC

LEADER 00000nam a2200000 a 4500
001 UCU4877
003 CL-VaPUC
005 20250320123513.0
008 960531e19940000CK |||||||||||||||||spa|d
999 |c 248405  |d 248403 
040 |c Pontificia Universidad Católica de Valparaíso 
082 0 4 |a 070.4  |b GOM  |2 21 
100 |a Gómez Forero, Mauricio  |e author  |9 362589 
245 1 3 |a El libro del periodista: guía práctica para la redacción 
260 |a Bogotá  |b Educar Cultural Recreativa  |c 1994 
300 |a 201 p 
490 0 |a Colección Comuníquese Bien 
583 |a last modification  |c 19960531 00:00:00  |k Rodrigo Vera 
650 0 |a Estilo literario  |9 316417 
650 7 |a ESTILO PERIODISTICO  |2 CL-VaPUC  |9 362590 
650 0 |a Redacción   |9 320524 
650 0 |a Composición literaria  |9 324494 
650 0 |a Noticias periodísticas  |9 335529 
650 0 |a Periodismo   |9 310113 
650 7 |a PERIODISTA  |2 CL-VaPUC  |9 332240 
650 7 |a ETICA DE LA PRENSA  |2 CL-VaPUC  |9 334573 
650 0 |a Prensa  |9 258117 
650 7 |a REDACTORES  |2 CL-VaPUC  |9 334808 
650 7 |a OPINION  |2 CL-VaPUC  |9 336329 
650 7 |a COMUNICACION DE MASAS  |2 CL-VaPUC  |9 334823 
650 7 |a IMPACTO DE LA COMUNICACION  |2 CL-VaPUC  |9 334456 
852 |a BIBCUR 
856 |u http://bibliografiadigital.pucv.cl.pucv.idm.oclc.org/index.php/bibliotecapucv/catalog/book/142  |y Disponible Online  
942 |c BK  |2 ddc 
945 |d 19960531 00:00:00  |a rbrito